01672nam a2200349 a 4500001001200000003000800012006001900020007001500039008004100054020001500095020001800110040002100128035002100149043001200170050002500182110003300207245028300240260005700523300005200580490003400632504004100666533015200707650003500859655002900894700002400923710008900947710008501036710001701121830003901138856012601177999001901303ebr10488610CaPaEBRm u cr cn|||||||||110827s2011 dcuab sb 000 0 eng d z0309120640 z9780309120647 aCaPaEBRcCaPaEBR a(OCoLC)754714976 an-us---14aRA395.A3bG76 2011eb2 aInstitute of Medicine (U.S.)10aEngineering a learning healthcare systemh[electronic resource] :ba look at the future : workshop summary /cRoundtable on Value & Science-Driven Health Care ; Claudia Grossmann ... [et al.] ; Institute of Medicine and National Academy of Engineering of the National Academies. aWashington, D.C. :bNational Academies Press,c2011. axxiii, 313 p. :bill. (chiefly col.), col. map.1 aLearning health system series aIncludes bibliographical references. aElectronic reproduction.bPalo Alto, Calif. :cebrary,d2011.nAvailable via World Wide Web.nAccess may be limited to ebrary affiliated libraries. 0aMedical policyzUnited States. 7aElectronic books.2local1 aGrossmann, Claudia.2 aInstitute of Medicine and National Academy of Engineering of the National Academies.2 aInstitute of Medicine (U.S.).bRoundtable on Value & Science-Driven Health Care.2 aebrary, Inc. 0aLearning healthcare system series.40uhttp://site.ebrary.com/lib/rucke/Doc?id=10488610zAn electronic book accessible through the World Wide Web; click to view c122929d122929